Kooperácia malých a stredných firiem s veľkými je nevyhnutná ekonomika Slovenska stojí a padá na bilancii zahraničného obchodu

Malé a veľké podniky sa v prípade spolupráce môžu vhodne dopĺňať pri vstupe na zahraničný trh. Využívanie prvkov obchodnej logistiky v zahraničnom obchode. Nedostatky malých a stredných podnikateľov pri podnikaní v zahraničnom obchode. Technická a finančná pomoc pre podnikateľov. Závislosť slovenske...

Descrizione completa

Salvato in:
Dettagli Bibliografici
Autore principale: Hutňan, Marián
Natura: Capitolo di libro
Lingua:slovacco
Soggetti:
Tags: Aggiungi Tag
Nessun Tag, puoi essere il primo ad aggiungerne!!

MARC

LEADER 00000naa a2200000 4500
001 r035399
005 20230824101215.3
041 0 |a slo 
044 |a SK 
245 1 0 |a Kooperácia malých a stredných firiem s veľkými je nevyhnutná  |b ekonomika Slovenska stojí a padá na bilancii zahraničného obchodu  |c Marián Hutňan 
520 |a Malé a veľké podniky sa v prípade spolupráce môžu vhodne dopĺňať pri vstupe na zahraničný trh. Využívanie prvkov obchodnej logistiky v zahraničnom obchode. Nedostatky malých a stredných podnikateľov pri podnikaní v zahraničnom obchode. Technická a finančná pomoc pre podnikateľov. Závislosť slovenskej ekonomiky od bilancie zahraničného obchodu. 
610 2 0 |a obchod zahraničný 
610 2 0 |a bilancia obchodná 
610 2 0 |a logistika 
610 2 0 |a podnik malý 
610 2 0 |a podnik stredný 
610 2 0 |a kooperácia medzipodniková 
610 2 0 |a podpora podnikania 
100 1 |a Hutňan, Marián